000 00444nam a2200181Ia 4500
001 20709
005 20260306172825.0
008 260306t2019||||xx |||||||||||||| ||spa||
041 _aESP
082 _a343.7
_bG98
100 _aGuzmán Napurí, Christian
_eAUT
245 0 _aProcedimiento administrativo sancionador
260 _c2019
300 _a601 páginas :
_c25 cm.
650 _aGEN
654 _aCDE
942 _cLIB
_dJUS
_fJUS
_2ddc
_n
999 _c20709
_d20709